Nadie es ilegal: derechos de los migrantes

Este manual pretende que se conozca un poco sobre la migración y sobre los derechos que tienen las personas que migran. Pero sobre todo se quiere ayudar a que sean respetados los derechos que tienen todas las personas migrantes. El manual se divide en cuatro partes. En la primera se encuentran algun...

Celý popis

Uloženo v:
Podrobná bibliografie
Médium: Text
Jazyk:Spanish
Vydáno: Yoro: ERIC
Témata:
Tagy: Přidat tag
Žádné tagy, Buďte první, kdo vytvoří štítek k tomuto záznamu!

MARC

LEADER 00000 a a2200000 04500
001 14716
003 cru CIDCACS/IIS
005 20200117094811.0
008 200117bs.f. HN ||||| |||| 00| 0 spa d
999 |c 16216  |d 16216 
040 |c cru CIDCACS/IIS 
090 |a 14.07.01 E649n  
245 |a Nadie es ilegal: derechos de los migrantes  
260 |a Yoro:   |b ERIC  
300 |a 35 p.  
300 |b il.  
520 |a Este manual pretende que se conozca un poco sobre la migración y sobre los derechos que tienen las personas que migran. Pero sobre todo se quiere ayudar a que sean respetados los derechos que tienen todas las personas migrantes. El manual se divide en cuatro partes. En la primera se encuentran algunas razones por las que la gente decide migrar y específicamente porque muchos hondureños y hondureñas se van de su país. En la segunda, se conoce si las personas migrantes pierden sus derechos o no cuando se van del país de forma indocumentada, se conocerán un poco las leyes  
650 |a MIGRACION  
650 |a DERECHOS HUMANOS  
650 |a NEOLIBERALISMO  
650 |a HONDURAS  
942 |2 z  |c LI